000
00318nam a22001337a 4500
008
171020b xxu||||| |||| 00| 0 eng d
020
_a
025606167-X
041
_a
eng
080
_2
2ND
_a
338
100
_a
54
101
_a
MEN
245
_a
MANUFACTURING PLANNING AND CONTROL SYSTEMS
_c
VOLLMANN,TH,E
942
_2
udc
_c
BK
999
_c
35182
_d
35182